| 000 | 01507nam a2200217Ia 4500 | ||
|---|---|---|---|
| 003 | Ost | ||
| 005 | 20260507075058.0 | ||
| 008 | 260507s9999||||xx |||||||||||||| ||und|| | ||
| 040 | _cfsecg | ||
| 041 | _aara | ||
| 082 | _a339 | ||
| 100 |
_aالعيسى، نزار سعد الدين _eمؤلف |
||
| 245 | 0 |
_aمبادئ الاقتصاد الكلي : _bكيف يعمل الإقتصاد في النظرية والتطبيق / _c نزار سعد الدين العيسى |
|
| 260 |
_aعمان: _bالدار العلمية الدولية للنشر و دار الثقافة للنشر, _c2001 |
||
| 300 |
_a391 صفحة؛ _bإيضاحات ؛ _c24 سم |
||
| 504 | _aببليوغرافيا ص.391 | ||
| 520 | _aعلم الاقتصاد،السمات الأساسية لعلم الاقتصاد،الإختيار بين البدائل،خصائص الاقتصاد الحديث،آلية السوق،دور الحكومات في النشاط الاقتصادي،حسابات الناتج القومي،التقلبات الاقتصادية،تفسير التقلبات الاقتصادية،التوازن في النظرية الكينزية،السياسة المالية،النقود والمصارف،السياسة النقدية،السياسات المالية والنقدية من النظرية إلى التطبيق،النمو الاقتصادي والتنمية الاقتصادية | ||
| 653 | _aالاقتصاد الكلي | ||
| 653 | _aالتنمية الاقتصادية | ||
| 942 | _cكتاب | ||
| 999 |
_c42763 _d42763 |
||